[Event "Open Nuevo Centro. Jornada 3"]
[Site "Chess.com"]
[Date "2020.07.03"]
[Round "8"]
[White "Valverde Caballero, Rafael"
[Black "Segarra Martinez, Axel"
[Result "0-1"]
[WhiteElo "1874"]
[BlackElo "2225"]
[PlyCount "48"]
[EventDate "2020.??.??"]
1. c4 Nf6 2. Nc3 e6 3. e4 d5 4. e5 Nfd7 5. cxd5 Nxe5 6. d4 Ng6 7. dxe6 Bxe6 8.
Nf3 Be7 9. Bd3 O-O 10. Bc2 c6 11. O-O Bg4 12. h3 Bxf3 13. Qxf3 Qxd4 14. Be3 Qb4
15. Bb3 Nd7 16. Ne4 Nde5 17. Qf5 Rad8 18. Ng5 h6 19. Nf3 Nxf3+ 20. Qxf3 Bf6 21.
Qf5 Ne5 22. f4 Nc4 23. Bc5 Qb5 24. Bxf8 Qxf5 0-1

[Event "Open Nuevo Centro. Jornada 3"]
[Site "Chess.com"]
[Date "2020.07.03"]
[Round "8"]
[White "Chernikov, Vladimir"
[Black "Silva Rodriguez, Fernando"
[Result "0-1"]
[WhiteElo "2260"]
[BlackElo "2457"]
[PlyCount "72"]
[EventDate "2020.??.??"]
1. b3 d5 2. Bb2 c5 3. e3 Nc6 4. Nf3 f6 5. c4 d4 6. exd4 cxd4 7. d3 e5 8. Be2
Bd6 9. O-O Nge7 10. a3 a5 11. Nbd2 O-O 12. Ne4 Bc7 13. Ne1 Be6 14. Nc2 Qd7 15.
Nc5 Qc8 16. Nxe6 Qxe6 17. b4 axb4 18. axb4 f5 19. Re1 Ng6 20. Bf3 Qd7 21. Rxa8
Rxa8 22. b5 Nd8 23. Bd5+ Kh8 24. Qf3 Ra2 25. Rb1 Nf4 26. Bxb7 e4 27. dxe4 Nxb7
28. exf5 Qxf5 29. Qxb7 h6 30. Re1 Qxc2 31. Qc8+ Kh7 32. Qxc7 Ne2+ 33. Kf1 Rxb2
34. b6 d3 35. b7 d2 36. Rxe2 d1=Q+ 0-1

[Event "Open Nuevo Centro. Jornada 3"]
[Site "Chess.com"]
[Date "2020.07.03"]
[Round "8"]
[White "Macias Pino, Diego"
[Black "Remolar Gallen, Jose"
[Result "0-1"]
[WhiteElo "2213"]
[BlackElo "2339"]
[PlyCount "80"]
[EventDate "2020.??.??"]
1. e4 d6 2. Nc3 Nf6 3. f4 g6 4. Nf3 Bg7 5. d4 O-O 6. e5 dxe5 7. fxe5 Nd5 8. Bc4
Be6 9. Nxd5 Bxd5 10. Bxd5 Qxd5 11. Qe2 f5 12. c4 Qe4 13. Ng5 Qxd4 14. Ne6 Qxe5
15. Nxf8 Kxf8 16. Qxe5 Bxe5 17. Rb1 Nc6 18. Be3 a5 19. b3 b6 20. a3 Bd6 21. Ra1
e5 22. Ke2 f4 23. Bf2 e4 24. Rhd1 Re8 25. Bxb6 Be5 26. Bc5+ Kf7 27. Rab1 Ke6
28. g3 g5 29. gxf4 gxf4 30. Rg1 Kf5 31. h4 f3+ 32. Kf2 Bf4 33. Be3 Ne5 34. Bxf4
Kxf4 35. Rg7 e3+ 36. Kg1 e2 37. Rxh7 Ng4 38. Rf7+ Kg3 39. Re1 Re7 40. Rf4 Kxf4

[Event "Open Nuevo Centro. Jornada 3"]
[Site "Chess.com"]
[Date "2020.07.03"]
[Round "8"]
[White "Montesinos Diaz, Luis"
[Black "Birnoveanu, Petru"
[Result "1-0"]
[WhiteElo "1836"]
[BlackElo "1672"]
[PlyCount "61"]
[EventDate "2020.??.??"]
1. d4 Nf6 2. Nf3 e6 3. e3 d5 4. Bd3 c5 5. b3 Nc6 6. Bb2 cxd4 7. exd4 Bd6 8. O-O
Bd7 9. Nbd2 Qc7 10. a3 h6 11. Qe2 O-O-O 12. c4 Kb8 13. c5 Bf8 14. b4 g5 15. b5
Na5 16. a4 b6 17. c6 Bc8 18. Ne5 Bd6 19. Rac1 h5 20. Bc3 Bxe5 21. dxe5 Ng4 22.
Bxa5 bxa5 23. Nb3 Nxe5 24. Rb1 Nxd3 25. Qxd3 Qb6 26. Qc3 d4 27. Qd3 e5 28. Rfc1
Kc7 29. Nc5 Rd5 30. Na6+ Kd8 31. c7+ 1-0

[Event "Open Nuevo Centro. Jornada 3"]
[Site "Chess.com"]
[Date "2020.07.03"]
[Round "8"]
[White "Reig Albero, Ferran"
[Black "Teply Koutsky, David"
[Result "1-0"]
[WhiteElo "1816"]
[BlackElo "1613"]
[PlyCount "77"]
[EventDate "2020.??.??"]
1. e4 e6 2. d4 d5 3. Nd2 c5 4. Ngf3 Nc6 5. exd5 exd5 6. Bb5 Nf6 7. O-O cxd4 8.
Nxd4 Bd7 9. N2b3 Be7 10. Re1 O-O 11. c3 a6 12. Bd3 Nxd4 13. Nxd4 Bd6 14. h3 h6
15. Qf3 Qb6 16. Nf5 Bxf5 17. Qxf5 Rfe8 18. Be3 Qxb2 19. Bd4 Ne4 20. Qxd5 Rad8
21. Qf5 g6 22. Qg4 h5 23. Qf3 Nxc3 24. Qf6 Be5 25. Bxe5 Rxe5 26. Qxd8+ Kh7 27.
Rxe5 Qxa1+ 28. Kh2 Nb5 29. Qf6 Kh6 30. Rxh5+ Kxh5 31. Qxa1 Kh6 32. Bxb5 axb5
33. Qb2 b6 34. Qxb5 f5 35. Qxb6 Kh5 36. a4 Kh4 37. Qxg6 f4 38. g3+ fxg3+ 39.
fxg3# 1-0

[Event "Open Nuevo Centro. Jornada 3"]
[Site "Chess.com"]
[Date "2020.07.03"]
[Round "8"]
[White "Roca Cruz, Rafael"
[Black "Mart�nez Carvajal, Juan Francisco"
[Result "1-0"]
[WhiteElo "1842"]
[BlackElo "1731"]
[PlyCount "73"]
[EventDate "2020.??.??"]
1. d4 Nf6 2. c4 e6 3. Nc3 Bb4 4. e3 O-O 5. Nge2 d5 6. a3 Be7 7. Ng3 c5 8. dxc5
Nc6 9. cxd5 exd5 10. b4 d4 11. exd4 Nxd4 12. Bd3 Bg4 13. f3 Bxf3 14. gxf3 Re8
15. O-O b6 16. Nce4 bxc5 17. Nxc5 Qd5 18. Be4 Nxe4 19. Ngxe4 Rad8 20. Be3 Qe5
21. Qe1 Nc2 22. Qg3 Qxg3+ 23. hxg3 Nxa1 24. Rxa1 Bf8 25. Bf2 f5 26. Ng5 h6 27.
Nge6 Rd2 28. Nxf8 Rxf8 29. Rc1 Rfd8 30. Ne6 R8d3 31. Rc7 Rxf3 32. Rxg7+ Kh8 33.
Bd4 Rxg3+ 34. Rxg3+ Kh7 35. Rg7+ Kh8 36. Rg2+ Kh7 37. Rxd2 1-0

[Event "Open Nuevo Centro. Jornada 3"]
[Site "Chess.com"]
[Date "2020.07.03"]
[Round "8"]
[White "Valero Artagoitia, Sara"
[Black "Mart�nez Cuenca, Jose Andr�s"
[Result "1-0"]
[WhiteElo "599"]
[BlackElo "937"]
[PlyCount "63"]
[EventDate "2020.??.??"]
1. e4 c5 2. Nf3 g6 3. Bc4 Nc6 4. Ng5 e6 5. O-O Be7 6. d3 d5 7. Bb5 Bd7 8. Bf4
e5 9. Be3 d4 10. Bd2 Nf6 11. Bc4 O-O 12. Na3 Na5 13. Qf3 Nxc4 14. Nxc4 Bg4 15.
Qg3 Be2 16. Rfe1 Bg4 17. Nxe5 Bd6 18. Bf4 Nh5 19. Qh4 h6 20. Ngf3 Nxf4 21. Re2
Nxe2+ 22. Kh1 Bxf3 23. gxf3 Qxh4 24. f4 Bxe5 25. fxe5 Rae8 26. a3 Rxe5 27. b4
Rg5 28. c4 Qxf2 29. Rd1 Ng3+ 30. hxg3 Qf3+ 31. Kh2 Qxd1 32. Kh3 1-0

[Event "Open Nuevo Centro. Jornada 3"]
[Site "Chess.com"]
[Date "2020.07.03"]
[Round "8"]
[White "Valma�a Cant�, Jaime"
[Black "Carbonell Bofill, Carlos Eloy"
[Result "1-0"]
[WhiteElo "2404"]
[BlackElo "1989"]
[PlyCount "89"]
[EventDate "2020.??.??"]
1. c4 c5 2. Nf3 Nc6 3. g3 Nf6 4. Bg2 g6 5. O-O Bg7 6. d4 cxd4 7. Nxd4 O-O 8.
Nc2 b6 9. Nc3 Bb7 10. Ne3 Rc8 11. Ncd5 e6 12. Nc3 Na5 13. Bxb7 Nxb7 14. Rb1 d5
15. cxd5 exd5 16. Ncxd5 Nxd5 17. Qxd5 Qxd5 18. Nxd5 Rc2 19. e3 Rd8 20. Nb4 Rc4
21. a3 a5 22. Na2 Nc5 23. b4 Na4 24. bxa5 bxa5 25. Rb5 Ra8 26. Rd1 Rc2 27. Rd2
Rxa2 28. Rxa2 Nc3 29. Rab2 Nxb5 30. Rxb5 a4 31. Bd2 Bf8 32. Bb4 h5 33. Bxf8
Kxf8 34. h3 Ke7 35. g4 hxg4 36. hxg4 Ke6 37. Kg2 f5 38. g5 Ra6 39. Kf3 Rc6 40.
Ra5 Rc4 41. Ra6+ Kf7 42. Ke2 f4 43. Rf6+ Kg7 44. Rxf4 Rxf4 45. exf4 1-0

[Event "Open Nuevo Centro. Jornada 3"]
[Site "Chess.com"]
[Date "2020.07.03"]
[Round "8"]
[White "Sanchis Bon, Sergi"
[Black "Casado Andreu, David"
[Result "0-1"]
[WhiteElo "1019"]
[BlackElo "1496"]
[PlyCount "94"]
[EventDate "2020.??.??"]
1. e4 e5 2. Qf3 Nc6 3. Bc4 Nf6 4. c3 Bc5 5. g4 d6 6. h3 O-O 7. g5 Nd7 8. Qg2
Ne7 9. g6 Nxg6 10. d3 Nf6 11. h4 Be6 12. Bxe6 fxe6 13. h5 Nf4 14. Qg3 N6xh5 15.
Qf3 Qg5 16. Bxf4 Rxf4 17. Qxh5 Bxf2+ 18. Kd1 Qxh5+ 19. Rxh5 Bxg1 20. Nd2 Be3
21. Rh2 Raf8 22. Kc2 Bxd2 23. Rxd2 Rf2 24. Rxf2 Rxf2+ 25. Kb3 Rg2 26. a4 g5 27.
Rf1 g4 28. c4 h5 29. Rh1 g3 30. Rxh5 Rf2 31. Rg5+ Kf7 32. Rxg3 a6 33. Rh3 Kg7
34. Rg3+ Kf6 35. Rh3 Kg6 36. Rg3+ Kf6 37. Rh3 Kg7 38. Rg3+ Kf7 39. Rg5 Rf3 40.
Rh5 Rxd3+ 41. Kb4 Rg3 42. Rh7+ Rg7 43. Rh8 Rg4 44. Ra8 Rxe4 45. Ra7 Rd4 46.
Rxb7 d5 47. Rxc7+ Kf6 0-1

[Event "Open Nuevo Centro. Jornada 3"]
[Site "Chess.com"]
[Date "2020.07.03"]
[Round "8"]
[White "Rabbani Perez, Oumaima "
[Black "Rabbani Perez, Ayoub "
[Result "1-0"]
[WhiteElo "633"]
[BlackElo "250"]
[PlyCount "73"]
[EventDate "2020.??.??"]
1. e3 e5 2. Bc4 Bc5 3. Qg4 Qg5 4. Qxg5 Bb4 5. Qxe5+ Kd8 6. Qd5 Na6 7. Qxf7 Nc5
8. Nc3 Ne4 9. Nxe4 d6 10. Ng5 Bg4 11. Qf4 Bd1 12. Nf7+ Kc8 13. Nxh8 Bxc2 14.
Nf7 Ne7 15. Qf3 d5 16. Bxd5 Nxd5 17. Nh3 Bxd2+ 18. Ke2 Bxc1 19. Nhg5 Nxe3 20.
Ne6 Nd5 21. Ne5 Nc3+ 22. Ke1 Ne2 23. Kf1 Ba4 24. Qg3 Bd7 25. Qh3 Bxe6 26. Qe3
Bxa2 27. Qxc1 Nxc1 28. Rxc1 Bd5 29. Nf7 Bc4+ 30. Ke1 Bb3 31. Rf1 c5 32. f3 b5
33. g4 g5 34. h3 h6 35. Ne5 Rb8 36. Nd3 c4 37. Nc5 1-0

[Event "Open Nuevo Centro. Jornada 3"]
[Site "Chess.com"]
[Date "2020.07.03"]
[Round "8"]
[White "Deusa Ballesteros, Luis Miguel"
[Black "Donate Moreno, Silvia"
[Result "0-1"]
[WhiteElo "1529"]
[BlackElo "1806"]
[PlyCount "96"]
[EventDate "2020.??.??"]
1. Nf3 g6 2. g3 Bg7 3. Bg2 d6 4. O-O e5 5. d3 f5 6. Nbd2 Nf6 7. e4 O-O 8. Re1
Nc6 9. a4 Nh5 10. exf5 Bxf5 11. Nc4 Bg4 12. h3 Bd7 13. Kh2 Qe7 14. Bg5 Qf7 15.
Ncd2 h6 16. Be3 Nf6 17. Nc4 Be6 18. b3 Nd5 19. Rc1 Nxe3 20. Rxe3 Rae8 21. Qd2
Bd7 22. Rf1 d5 23. Nb2 e4 24. dxe4 dxe4 25. Ne1 Bxb2 26. c3 Ba3 27. b4 a5 28.
Bxe4 Kh7 29. Bd5 Qf6 30. Rxe8 Rxe8 31. Nd3 axb4 32. cxb4 Qf5 33. Bxc6 Bxc6 34.
Ra1 Qf3 35. Rg1 Rd8 36. Ne5 Rxd2 37. Nxf3 Bxf3 38. Ra1 Bxb4 39. Kg1 Bc5 40. Rc1
Bb6 41. Rf1 Be2 42. Re1 Rd1 43. Kg2 Rxe1 44. g4 Bf1+ 45. Kg3 Re2 46. Kf4 Rxf2+
47. Ke5 Kg7 48. Kd5 Kf7 0-1

[Event "Open Nuevo Centro. Jornada 3"]
[Site "Chess.com"]
[Date "2020.07.03"]
[Round "8"]
[White "Gil L�pez, Alejandro"
[Black "Luque Saiz, Andr�s"
[Result "1-0"]
[WhiteElo "2156"]
[BlackElo "1951"]
[PlyCount "99"]
[EventDate "2020.??.??"]
1. e4 c6 2. Nf3 d5 3. exd5 cxd5 4. d4 Nc6 5. Bd3 Qc7 6. O-O Bg4 7. c3 e6 8. h3
Bh5 9. Be3 Bd6 10. Nbd2 Nge7 11. Rc1 a6 12. a4 f6 13. Qc2 Bg6 14. Bxg6+ Nxg6
15. c4 O-O 16. cxd5 exd5 17. Rfe1 Qd7 18. Qb3 Kh8 19. Nf1 Na5 20. Qa2 Nc4 21.
N1d2 Nxe3 22. Rxe3 Rac8 23. Rce1 Rc2 24. Qb3 Rc7 25. a5 Rfc8 26. Nf1 Ne7 27.
Ng3 h6 28. Nh4 g5 29. Rxe7 Bxe7 30. Ng6+ Kg7 31. Rxe7+ Kxg6 32. Rxd7 Rxd7 33.
Qd3+ Kg7 34. Nf5+ Kf7 35. Nxh6+ Ke6 36. Qf5+ Kd6 37. Qxf6+ Kc7 38. Nf5 Re8 39.
Qxg5 Rf7 40. Qg3+ Kc6 41. Ne3 Rfe7 42. Qg6+ Re6 43. Qf5 Rd6 44. Qf7 Ree6 45.
Qf3 Rf6 46. Qd1 Rd8 47. Qc2+ Kd6 48. Qb3 Kc6 49. Qb6+ Kd7 50. Qxf6 1-0

[Event "Open Nuevo Centro. Jornada 3"]
[Site "Chess.com"]
[Date "2020.07.03"]
[Round "8"]
[White "Pallardo Lozoya, Jose Vicente"
[Black "Lopez Mateo, Juan Carlos"
[Result "1-0"]
[WhiteElo "2257"]
[BlackElo "2044"]
[PlyCount "97"]
[EventDate "2020.??.??"]
1. e4 c5 2. Nc3 e6 3. g3 Nc6 4. Bg2 Nf6 5. d3 Be7 6. f4 d6 7. Nf3 O-O 8. O-O
Rb8 9. h3 b5 10. g4 b4 11. Ne2 d5 12. e5 Nd7 13. Ng3 f6 14. exf6 Nxf6 15. Re1
Bd6 16. Ng5 Re8 17. c4 bxc3 18. bxc3 Qc7 19. Qd2 Bd7 20. Nf3 Rf8 21. Ne2 e5 22.
f5 Ne7 23. c4 e4 24. Ng5 exd3 25. Qxd3 h6 26. Nf3 Bc6 27. Nh4 dxc4 28. Qxc4+
Kh7 29. Bf4 Rb4 30. Bxd6 Qxd6 31. Qc3 Bxg2 32. Nxg2 Re4 33. Rad1 Ned5 34. Qd3
Qe7 35. Ng3 Rxe1+ 36. Rxe1 Qb7 37. Qf3 Rd8 38. Nf4 Qd7 39. Ne6 Re8 40. Rd1 Qc6
41. Ne2 Rxe6 42. fxe6 Qxe6 43. Nf4 Nxf4 44. Qxf4 Qe2 45. Rf1 Qe8 46. Qf5+ Kg8
47. Qxc5 Ne4 48. Qc4+ Kh8 49. Re1 1-0

[Event "Open Nuevo Centro. Jornada 3"]
[Site "Chess.com"]
[Date "2020.07.03"]
[Round "8"]
[White "Ainsa Jimenez, Lucas"
[Black "Morata Briones, Carlos"
[Result "0-1"]
[WhiteElo "990"]
[BlackElo "959"]
[PlyCount "124"]
[EventDate "2020.??.??"]
1. e4 e5 2. Nf3 Qf6 3. Nc3 c6 4. Bc4 Bc5 5. O-O h6 6. h3 d6 7. Na4 Qg6 8. Nh4
Qg5 9. Nf3 Qg6 10. d3 Bxh3 11. Nh4 Qg4 12. Qxg4 Bxg4 13. Nc3 b5 14. Bb3 a5 15.
a4 b4 16. Nd1 Be6 17. Bxe6 fxe6 18. Be3 Na6 19. Nf5 exf5 20. exf5 Nf6 21. Bxc5
Nxc5 22. b3 O-O 23. Ne3 e4 24. Rad1 d5 25. dxe4 Ncxe4 26. f3 Nc3 27. Rd2 Rfe8
28. Nd1 Nxd1 29. Rfxd1 Re3 30. Kf2 Rc3 31. Rc1 Rd8 32. g4 d4 33. Kg3 Ne4+ 34.
Kf4 Nxd2 35. Ke5 Rxf3 36. Rd1 Re8+ 37. Kxd4 Ne4 38. Re1 c5+ 39. Kc4 Rc3+ 40.
Kd5 Rxc2 41. Rxe4 Rd8+ 42. Ke5 Re8+ 43. Kf4 Rxe4+ 44. Kxe4 Rb2 45. Kd5 Rxb3 46.
Kxc5 Kf7 47. Kb5 Ke7 48. Kxa5 Kd6 49. Kb6 Kd5 50. a5 Kc4 51. a6 Ra3 52. Kb7 b3
53. a7 b2 54. f6 gxf6 55. g5 b1=Q+ 56. Ka8 Qh1+ 57. Kb8 Rb3+ 58. Kc8 Qc6+ 59.
Kd8 Rd3+ 60. Ke7 Qd6+ 61. Kf7 f5 62. Kg7 Qe5+ 0-1

[Event "Open Nuevo Centro. Jornada 3"]
[Site "Chess.com"]
[Date "2020.07.03"]
[Round "8"]
[White "Castellano L�pez, Javier"
[Black "Mart�nez Escandell, Alfonso"
[Result "1-0"]
[WhiteElo "1844"]
[BlackElo "1721"]
[PlyCount "123"]
[EventDate "2020.??.??"]
1. d4 Nf6 2. c4 c5 3. d5 b5 4. cxb5 a6 5. bxa6 Bxa6 6. Nc3 d6 7. e4 Bxf1 8.
Kxf1 Nbd7 9. Nf3 g6 10. g3 Bg7 11. Kg2 O-O 12. Re1 Qb6 13. Nd2 Rfb8 14. f4 Qc7
15. Nf3 Ne8 16. Qc2 c4 17. Nd1 e6 18. Qe2 exd5 19. exd5 Nb6 20. Qd2 Nf6 21. Nc3
Qb7 22. Rd1 Ra5 23. g4 Nxg4 24. a4 Rba8 25. Qc2 Nxd5 26. Nxd5 Rxd5 27. Rf1 Rc5
28. h3 Nf6 29. Be3 Rc7 30. Rfd1 Nd5 31. Bd2 c3 32. Bxc3 Nxc3 33. bxc3 Rxc3 34.
Qf2 Rxf3 35. Qxf3 Qxf3+ 36. Kxf3 Bxa1 37. Rxa1 Kf8 38. Ke4 Ke7 39. Kd5 Ra5+ 40.
Kc6 Ke6 41. Kb6 Ra8 42. Kb7 Ra5 43. Kb6 Ra8 44. a5 d5 45. Ra4 Kd6 46. Kb7 Rd8
47. a6 Rd7+ 48. Kb6 Rd8 49. a7 Ke6 50. a8=Q Rxa8 51. Rxa8 Kf5 52. Ra4 f6 53.
Kc5 h5 54. Kxd5 g5 55. fxg5 fxg5 56. Kd4 Kf4 57. Kd3+ Kg3 58. Ra5 Kxh3 59. Rxg5
h4 60. Ke2 Kh2 61. Kf2 h3 62. Rh5 1-0

[Event "Open Nuevo Centro. Jornada 3"]
[Site "Chess.com"]
[Date "2020.07.03"]
[Round "8"]
[White "Campos Gambuti, Luis Mar�a"
[Black "Vega Guti�rrez, Sabrina"
[Result "1-0"]
[WhiteElo "2517"]
[BlackElo "2185"]
[PlyCount "125"]
[EventDate "2020.??.??"]
1. d4 d5 2. Nc3 Nf6 3. Bg5 Nbd7 4. Qd3 c5 5. e4 cxd4 6. Bxf6 dxe4 7. Qxd4 Nxf6
8. Bb5+ Bd7 9. Bxd7+ Qxd7 10. Qxd7+ Kxd7 11. O-O-O+ Kc6 12. Re1 e6 13. Nxe4
Nxe4 14. Rxe4 Bc5 15. f4 a5 16. Nf3 Bd6 17. Rd1 Rad8 18. g3 h6 19. f5 Rhe8 20.
fxe6 fxe6 21. Nd4+ Kd7 22. c4 b6 23. Nb5 Ke7 24. Na7 Rd7 25. Nc6+ Kf6 26. Nd4
e5 27. Nb5 Red8 28. Rf1+ Kg6 29. Nxd6 Rxd6 30. Rxe5 Rc8 31. b3 a4 32. Kc2 Rcd8
33. Rf2 axb3+ 34. axb3 R8d7 35. Rfe2 Kh7 36. Re6 b5 37. Rxd6 Rxd6 38. cxb5 Rb6
39. Re5 Kg6 40. Kd3 Kf6 41. Rc5 Ke7 42. Kc4 Kd7 43. Rc6 Rb8 44. Rg6 Rg8 45. Kc5
Kc7 46. b6+ Kb7 47. Kb5 h5 48. h4 Kb8 49. Ka6 Ka8 50. b4 Kb8 51. b5 Ka8 52. Rg5
g6 53. g4 hxg4 54. Rxg4 Kb8 55. h5 g5 56. h6 Kc8 57. Ka7 Kd7 58. b7 Kc7 59. b6+
Kc6 60. b8=Q Rg6 61. Qc7+ Kb5 62. Qc4+ Ka5 63. Qa4# 1-0

[Event "Open Nuevo Centro. Jornada 3"]
[Site "Chess.com"]
[Date "2020.07.03"]
[Round "8"]
[White "URSARIU, NIKOLAS VICTOR"
[Black "Maestre Soler, Sergio"
[Result "0-1"]
[WhiteElo "972"]
[BlackElo "922"]
[PlyCount "118"]
[EventDate "2020.??.??"]
1. e4 e5 2. Nf3 Bc5 3. Nc3 h6 4. Nxe5 Qh4 5. g3 Qf6 6. Nf3 d6 7. Bc4 Bg4 8. Be2
Nc6 9. h3 Bxf3 10. Bxf3 Nd4 11. Bg2 Nb3 12. O-O Nxa1 13. d3 Qg6 14. Bd2 Nxc2
15. Qxc2 Nf6 16. Qa4+ c6 17. Be3 Bxe3 18. fxe3 Qxg3 19. Rf3 Qe1+ 20. Kh2 O-O
21. Qd4 c5 22. Qxd6 Rad8 23. Qxc5 Rxd3 24. Qc7 Rxe3 25. Rxe3 Qxe3 26. Qxb7 Nh5
27. e5 Qg3+ 28. Kh1 Rd8 29. Qf3 Qxf3 30. Bxf3 Ng3+ 31. Kg2 Ne4 32. Kf1 Nxc3 33.
bxc3 Rd3 34. Be2 Rxh3 35. Ke1 Rxc3 36. Kd2 Ra3 37. Bc4 Ra4 38. Bb3 Re4 39. Kd3
Rxe5 40. Kc3 Re3+ 41. Kc2 h5 42. Kd2 Re7 43. Kd3 h4 44. Kd4 h3 45. Kd5 h2 46.
Kd6 Re6+ 47. Kd5 Rb6 48. Kc5 Rxb3 49. axb3 h1=Q 50. Kb5 Qh6 51. b4 Kf8 52. Ka4
Ke7 53. b5 Kd6 54. Ka5 Kc5 55. Ka4 Qf4+ 56. Ka3 Kc4 57. Kb2 Qd2+ 58. Kb1 Kb3
59. b6 Qb2# 0-1

[Event "Open Nuevo Centro. Jornada 3"]
[Site "Chess.com"]
[Date "2020.07.03"]
[Round "8"]
[White "Zamora Soler, Raul"
[Black "Lloret Ramis, Juan Jos�"
[Result "0-1"]
[WhiteElo "1780"]
[BlackElo "1972"]
[PlyCount "138"]
[EventDate "2020.??.??"]
1. e4 e6 2. d4 d5 3. exd5 exd5 4. Bd3 Bd6 5. Ne2 Nc6 6. c3 Nge7 7. O-O O-O 8.
Qc2 h6 9. b4 Be6 10. Bf4 Qd7 11. Nd2 Rae8 12. Rae1 Nd8 13. Nf3 c6 14. Bxd6 Qxd6
15. Ng3 f5 16. Ne5 f4 17. Bh7+ Kh8 18. Ng6+ Nxg6 19. Bxg6 Bf7 20. Bxf7 Nxf7 21.
Rxe8 Rxe8 22. Ne2 f3 23. Nf4 Ng5 24. Ng6+ Kg8 25. Ne5 fxg2 26. Kxg2 Qe6 27. Qd3
Rf8 28. f4 Ne4 29. Kh1 Rf5 30. Qf3 Nd6 31. Rg1 Kf8 32. Qg4 Ne8 33. Ng6+ Kf7 34.
Nh8+ Ke7 35. Ng6+ Kd7 36. Ne5+ Kc7 37. Qg6 Qxg6 38. Rxg6 Rxf4 39. Re6 Nf6 40.
Re7+ Kb6 41. Rxg7 Ne4 42. Nd7+ Kb5 43. Nc5 b6 44. Nxe4 Rxe4 45. Rg6 Re3 46.
Rxh6 Rxc3 47. Rh7 a5 48. bxa5 Kxa5 49. Ra7+ Kb5 50. Kg2 Rd3 51. h4 Rxd4 52. Kg3
c5 53. h5 Rd1 54. h6 Rh1 55. h7 d4 56. Kf3 Kc4 57. Ke2 b5 58. Kd2 b4 59. Rc7
Rh2+ 60. Kd1 d3 61. Kc1 Kd4 62. Rd7+ Kc3 63. h8=Q+ Rxh8 64. Rxd3+ Kxd3 65. Kb2
Kc4 66. a3 Rh2+ 67. Ka1 b3 68. a4 Kc3 69. a5 Rh1# 0-1

[Event "Open Nuevo Centro. Jornada 3"]
[Site "Chess.com"]
[Date "2020.07.03"]
[Round "8"]
[White "Sampedro Roig, Josep Francesc"
[Black "Cantero Navarro, Antonio"
[Result "0-1"]
[WhiteElo "1765"]
[BlackElo "1851"]
[PlyCount "116"]
[EventDate "2020.??.??"]
1. e4 c5 2. Nf3 Nc6 3. d4 cxd4 4. Nxd4 g6 5. c4 Bg7 6. Be3 Nf6 7. Nc3 O-O 8.
Be2 d6 9. O-O Bd7 10. Qd2 Nxd4 11. Bxd4 Bc6 12. f3 a5 13. Rac1 Nd7 14. Nd5
Bxd4+ 15. Qxd4 Bxd5 16. exd5 Rc8 17. Rfe1 Qb6 18. Qxb6 Nxb6 19. b3 Rc7 20. Bd3
Re8 21. Rcd1 Nd7 22. Bc2 Nc5 23. Re3 Kf8 24. Rde1 Ra8 25. h4 Ra6 26. h5 Rb6 27.
hxg6 hxg6 28. Kf2 a4 29. f4 a3 30. f5 gxf5 31. Bxf5 Rb4 32. Rh3 Kg7 33. Rh7+
Kf6 34. g4 b5 35. Kg3 bxc4 36. bxc4 Rxc4 37. Kh4 Rf4 38. Rh6+ Kg7 39. Kg5 Rf2
40. Reh1 f6+ 41. Kh4 Kxh6 42. Kg3+ Kg7 43. Kxf2 Nb7 44. Rh7+ Kg8 45. Rh3 Na5
46. Be6+ Kg7 47. Rxa3 Rc2+ 48. Ke3 Nc4+ 49. Kd3 Nxa3 50. Bf5 Rxa2 51. Kc3 Rg2
52. Kb3 Nb5 53. Kc4 Nc7 54. Bd7 Na6 55. Kb5 Nc5 56. Kc6 Nxd7 57. Kxd7 Kf7 58.
Kd8 Rxg4 0-1

[Event "Open Nuevo Centro. Jornada 3"]
[Site "Chess.com"]
[Date "2020.07.03"]
[Round "8"]
[White "Barber�n P�rez, Guillermo"
[Black "Gracia Calvo, Andr�s"
[Result "1-0"]
[WhiteElo "1637"]
[BlackElo "1745"]
[PlyCount "139"]
[EventDate "2020.??.??"]
1. e4 d5 2. exd5 Qxd5 3. Nc3 Qd6 4. Nf3 Nf6 5. Bc4 Bg4 6. h3 Bh5 7. O-O e6 8.
d4 Be7 9. Nb5 Qd8 10. Bf4 Na6 11. Nc3 Nb8 12. Nb5 Na6 13. Nc3 O-O 14. Bxa6 bxa6
15. Qd3 Bxf3 16. Qxf3 Qxd4 17. Bxc7 Rac8 18. Bf4 Bb4 19. Rad1 Qc4 20. Be5 Be7
21. b3 Qc5 22. Bd4 Qa5 23. Bxf6 Bxf6 24. Ne4 Be7 25. c4 Rfd8 26. Qc3 Qf5 27.
Ng3 Qc5 28. Ne4 Qf5 29. Ng3 Qg6 30. f4 Bc5+ 31. Kh2 Bd6 32. Qd3 Qf6 33. Nh5 Qh6
34. Qf3 Bb8 35. Ng3 e5 36. fxe5 Bxe5 37. Kh1 f6 38. Nf5 Qg6 39. Ne7+ Kf7 40.
Nxg6 hxg6 41. Rxd8 Rxd8 42. Re1 Re8 43. Qd5+ Kf8 44. Qc5+ Kg8 45. Qxa7 Rd8 46.
Qf2 Bd4 47. Qe2 Be5 48. Rd1 Re8 49. Qd3 Kf7 50. Qd6 Re7 51. Qd5+ Kf8 52. c5 Ke8
53. c6 Kf8 54. Qd8+ Kf7 55. Qd5+ Kf8 56. Qc4 Rc7 57. Rd7 Ke8 58. Rxc7 Bxc7 59.
Qe6+ Kf8 60. Qd7 Kg8 61. Qxc7 Kh7 62. Qd7 g5 63. c7 g4 64. c8=Q gxh3 65. Qxh3+
Kg6 66. Qc2+ Kf7 67. Qh5+ Kg8 68. Qc7 a5 69. Qg6 a4 70. Qgxg7# 1-0

[Event "Open Nuevo Centro. Jornada 3"]
[Site "Chess.com"]
[Date "2020.07.03"]
[Round "8"]
[White "Saiz Sapena, Veronica"
[Black "Haoyou, Deng"
[Result "0-1"]
[WhiteElo "1523"]
[BlackElo "1813"]
[PlyCount "138"]
[EventDate "2020.??.??"]
1. e4 d6 2. Nf3 Nf6 3. Nc3 g6 4. Bc4 Bg7 5. d3 O-O 6. Bd2 c5 7. O-O a6 8. a4
Bd7 9. b3 Nc6 10. Rb1 Rb8 11. Nd5 Nxd5 12. Bxd5 Nd4 13. Nxd4 Bxd4 14. c3 Bg7
15. b4 b5 16. a5 Qc7 17. Rc1 c4 18. dxc4 bxc4 19. Qe2 Bb5 20. e5 dxe5 21. Be3
e6 22. Be4 f5 23. Bc2 e4 24. Bc5 Rfd8 25. Bb1 Rd7 26. f3 exf3 27. Qxe6+ Kh8 28.
gxf3 Qf4 29. Qe3 Qxe3+ 30. Bxe3 Re8 31. Rfe1 Rde7 32. Bd2 Kg8 33. Rxe7 Rxe7 34.
Kf2 Kf7 35. Re1 Rxe1 36. Bxe1 Ke6 37. Ke3 g5 38. h3 Be5 39. Bd2 Bc6 40. Kf2 h6
41. Ba2 Bd5 42. Bb1 Kf6 43. Kg2 h5 44. Bc2 h4 45. Ba4 g4 46. hxg4 fxg4 47. Bd1
h3+ 48. Kh1 g3 49. Be2 Kf5 50. Kg1 Bf4 51. Bxf4 Kxf4 52. Kh1 Bxf3+ 53. Bxf3
Kxf3 54. b5 g2+ 55. Kg1 h2+ 56. Kxh2 Kf2 57. b6 g1=Q+ 58. Kh3 Qg7 59. b7 Qxb7
60. Kh4 Qb5 61. Kg4 Qxa5 62. Kf4 Qxc3 63. Ke4 Qd3+ 64. Ke5 a5 65. Ke6 a4 66.
Ke5 a3 67. Kf6 a2 68. Kf7 a1=Q 69. Kf8 Qa7 0-1

[Event "Open Nuevo Centro. Jornada 3"]
[Site "Chess.com"]
[Date "2020.07.03"]
[Round "8"]
[White "Kovacevic, Slobodan"
[Black "Benday�n Claros, Aaron"
[Result "0-1"]
[WhiteElo "2096"]
[BlackElo "1939"]
[PlyCount "126"]
[EventDate "2020.??.??"]
1. d4 d5 2. Bf4 Nf6 3. e3 c5 4. c3 Nc6 5. Nd2 cxd4 6. exd4 g6 7. Bd3 Bg7 8.
Ngf3 O-O 9. O-O Nh5 10. Be3 Qd6 11. Re1 Nf4 12. Bf1 Re8 13. Qb3 b6 14. Rad1 Na5
15. Qc2 Bf5 16. Qa4 Rac8 17. Bb5 Red8 18. Nb3 Nxb3 19. axb3 Rc7 20. Rd2 h5 21.
b4 Bf6 22. Qd1 Bg4 23. h3 Bc8 24. Bxf4 Qxf4 25. Qe2 Kg7 26. Rdd1 e6 27. Ra1 Be7
28. Ra2 Bd6 29. g3 Qf5 30. h4 f6 31. Kg2 Rf8 32. Nh2 e5 33. Bd3 Qh3+ 34. Kg1 e4
35. Ba6 Be6 36. Qf1 Qxf1+ 37. Nxf1 f5 38. f4 Rff7 39. Ne3 Kf6 40. Rea1 Bf8 41.
Bb5 Bc8 42. Kf2 Be6 43. Be2 Bd6 44. Bd1 Bf8 45. Bb3 Rfd7 46. Ke2 Ke7 47. Kd2
Kd6 48. Ba4 Rg7 49. Bb5 Bd7 50. Be2 Be6 51. Rc1 Rb7 52. Bb5 Rbc7 53. b3 Rh7 54.
c4 Rhg7 55. c5+ bxc5 56. bxc5+ Ke7 57. Ra6 Rf7 58. Rca1 Bg7 59. Rxa7 Kf6 60.
Rxc7 Rxc7 61. c6 Ke7 62. Kc3 Kd6 63. b4 Bf7 0-1

[Event "Open Nuevo Centro. Jornada 3"]
[Site "Chess.com"]
[Date "2020.07.03"]
[Round "8"]
[White "Chofre Murcia, Adri�n"
[Black "Salvador Buiza, Victor"
[Result "1/2-1/2"]
[WhiteElo "1717"]
[BlackElo "1830"]
[PlyCount "166"]
[EventDate "2020.??.??"]
1. e4 e5 2. Nc3 Nc6 3. f4 exf4 4. Nf3 Bb4 5. Bc4 Nge7 6. d3 d5 7. exd5 Nxd5 8.
Bxd5 Qxd5 9. O-O Bxc3 10. bxc3 Qc5+ 11. Kh1 Qxc3 12. Qe2+ Be6 13. Bxf4 O-O 14.
Bxc7 Rfe8 15. Be5 Nxe5 16. Qxe5 Qxc2 17. Nd4 Qc8 18. Rac1 Qd7 19. Rc7 Qd5 20.
Qxd5 Bxd5 21. Rd7 Rad8 22. Rxd8 Rxd8 23. Nb5 Bxa2 24. Nxa7 Rxd3 25. Nb5 h6 26.
h3 Bc4 27. Rb1 Bxb5 28. Rxb5 Rd7 29. Kh2 g6 30. Kg3 f5 31. Kf4 Kf7 32. Rb4 Ke6
33. Rb6+ Kf7 34. Rb4 Re7 35. Kf3 g5 36. Rb6 Kg7 37. Rb5 f4 38. Kg4 Rc7 39. h4
Kg6 40. hxg5 hxg5 41. Rxg5+ Kh6 42. Rb5 Rf7 43. Rb6+ Kg7 44. Kf3 Kf8 45. Re6 b5
46. Rb6 Rf5 47. Ke4 Rc5 48. Kxf4 Ke7 49. g4 Rc4+ 50. Kg5 b4 51. Kh5 Kf7 52. g5
Kg7 53. Rb7+ Kg8 54. Kh6 Rh4+ 55. Kg6 Kf8 56. Rf7+ Ke8 57. Rb7 Rc4 58. Kg7 Kd8
59. g6 Rc7+ 60. Rxc7 Kxc7 61. Kf6 b3 62. g7 b2 63. g8=Q b1=Q 64. Qc4+ Kd7 65.
Qe6+ Kd8 66. Qd6+ Kc8 67. Qc6+ Kb8 68. Qe8+ Kb7 69. Qd7+ Ka6 70. Qc8+ Ka7 71.
Qc7+ Ka8 72. Qc6+ Ka7 73. Qa4+ Kb6 74. Qd4+ Kc6 75. Qc4+ Kd6 76. Qe6+ Kc7 77.
Qe7+ Kc8 78. Qc5+ Kd7 79. Qa7+ Kc8 80. Qa6+ Kc7 81. Qc4+ Kd6 82. Qd4+ Kc6 83.
Qc4+ Kd6 1/2-1/2